| 000 | 00739nam a2200217 a 4500 | ||
|---|---|---|---|
| 001 | 000011076 | ||
| 005 | 20240412074222.0 | ||
| 008 | 091014s2000 dr a 000 p spa d | ||
| 040 |
_aDO-SdBNP _bspa _cBNPHU |
||
| 082 |
_aRD861.44 _bS321s |
||
| 100 | 1 |
_aScheker Ortiz, Luis _99515 |
|
| 245 | 1 | 0 |
_aServilletas de papel / _cLuis Scheker Ortiz; prólogo Tony Raful. |
| 260 |
_aSanto Domingo : _bPanamericana, _c2000. |
||
| 300 |
_a138 p. : _bil ; _c23 cm. |
||
| 500 | _aIncluye datos biográficos del autor en la contracubierta | ||
| 590 | _aInventariado, 2019 / DG | ||
| 650 | 0 |
_aPoesía dominicana _966 |
|
| 650 | 0 |
_aLiteratura dominicana. _967 |
|
| 700 | 1 | 2 |
_aRaful, Tony, _d1951- _epról. _91377 |
| 910 | _aValidado. Control de calidad MFF | ||
| 999 |
_c10801 _d10801 |
||